[Event "AUTONOMICO C. VALENCIANA"]
[Site "Cheste"]
[Date "2010.10.07"]
[Round "1"]
[White "Garcia Fernandez, Carlos"]
[Black "Chakrian, Tigran"]
[Result "1-0"]
[WhiteElo "2371"]
[BlackElo "1896"]
[PlyCount "55"]
[EventDate "2010.10.07"]
[EventRounds "7"]
[EventCountry "ESP"]

1. e4 c5 2. c3 d5 3. exd5 Qxd5 4. d4 e6 5. Nf3 Nc6 6. Be2 Nf6 7. O-O Be7 8. Be3
cxd4 9. cxd4 Qd8 10. Nc3 Nb4 11. Ne5 O-O 12. Bf3 Nbd5 13. Bg5 Nxc3 14. bxc3 Nd5
15. Bxe7 Qxe7 16. Qb3 Rd8 17. Rfe1 Qc7 18. Rac1 Ne7 19. Rcd1 Qb6 20. Qa3 Qd6
21. Qb2 Qc7 22. g3 Rb8 23. Qa3 b5 24. Qc5 Qxc5 25. dxc5 Ba6 26. Rd6 Rxd6 27.
cxd6 Nd5 28. Bxd5 1-0

[Event "AUTONOMICO C. VALENCIANA"]
[Site "Cheste"]
[Date "2010.10.07"]
[Round "1"]
[White "Gomez, Manzano Francisco Ca"]
[Black "Torres Sanchez, Jose"]
[Result "0-1"]
[WhiteElo "1855"]
[BlackElo "2314"]
[PlyCount "44"]
[EventDate "2010.10.07"]
[EventRounds "7"]
[EventCountry "ESP"]

1. d4 c5 2. Nf3 cxd4 3. Nxd4 Nf6 4. g3 e5 5. Nb3 d5 6. Bg2 h6 7. O-O Nc6 8.
N1d2 Be7 9. c4 d4 10. Ne4 Nxe4 11. Bxe4 O-O 12. e3 Be6 13. Qe2 Rc8 14. exd4
Nxd4 15. Nxd4 Bxc4 16. Bd3 Bxd3 17. Qxd3 Qxd4 18. Qe2 a6 19. Be3 Qe4 20. Rac1
Bg5 21. Rxc8 Rxc8 22. h4 Rc2 0-1

[Event "AUTONOMICO C. VALENCIANA"]
[Site "Cheste"]
[Date "2010.10.07"]
[Round "1"]
[White "Sanchez, Romero Miquel Angel"]
[Black "Lopez Diaz, Rafael"]
[Result "1-0"]
[WhiteElo "2236"]
[BlackElo "1781"]
[PlyCount "53"]
[EventDate "2010.10.07"]
[EventRounds "7"]
[EventCountry "ESP"]

1. e4 e5 2. Nf3 Nc6 3. Bb5 a6 4. Ba4 Nf6 5. Qe2 Be7 6. c3 d6 7. h3 O-O 8. O-O
Bd7 9. Bc2 Nh5 10. d4 Nf4 11. Bxf4 exf4 12. Nbd2 Bf6 13. e5 dxe5 14. dxe5 Bg5
15. Ne4 Bh6 16. Qd3 f5 17. exf6 g6 18. Qd5+ Kh8 19. Nfg5 Bxg5 20. Qxg5 Bf5 21.
Rad1 Qe8 22. Qh6 Rf7 23. Rfe1 Qf8 24. Qxf4 Bxe4 25. Qxe4 Rxf6 26. Rd7 Rxf2 27.
Rxh7+ 1-0

[Event "AUTONOMICO C. VALENCIANA"]
[Site "Cheste"]
[Date "2010.10.07"]
[Round "1"]
[White "Bendayan Claros, Aaron"]
[Black "Catalan Gasque, Noelia"]
[Result "1-0"]
[WhiteElo "2186"]
[BlackElo "1662"]
[PlyCount "71"]
[EventDate "2010.10.07"]
[EventRounds "7"]
[EventCountry "ESP"]

1. e4 c5 2. Nf3 e6 3. d4 cxd4 4. Nxd4 Nf6 5. f3 Be7 6. c4 Nc6 7. Nc2 Qc7 8. Nc3
a6 9. Be3 O-O 10. Qd2 Na5 11. b3 d6 12. Be2 b6 13. O-O Bb7 14. Na4 Nd7 15. Nxb6
Nxb6 16. Qxa5 Nd5 17. Qxc7 Nxc7 18. Bf4 Rfd8 19. Rfd1 Ne8 20. Kf1 Rac8 21. Ne3
h6 22. Rab1 Nf6 23. Bg3 Rc6 24. Bf2 a5 25. a3 d5 26. exd5 exd5 27. b4 axb4 28.
axb4 dxc4 29. Rxd8+ Bxd8 30. Nxc4 Re6 31. Na5 Ba8 32. Rc1 Bd5 33. Rc8 Re8 34.
Bb5 Be6 35. Ra8 Bd5 36. Rb8 1-0

[Event "AUTONOMICO C. VALENCIANA"]
[Site "Cheste"]
[Date "2010.10.07"]
[Round "1"]
[White "Lamparero Arroyo, Miguel Angel"]
[Black "Core Lopez, Virginia"]
[Result "1-0"]
[WhiteElo "2091"]
[BlackElo "1374"]
[PlyCount "49"]
[EventDate "2010.10.07"]
[EventRounds "7"]
[EventCountry "ESP"]

1. e4 c5 2. Nf3 e6 3. d3 Nc6 4. g3 b6 5. Bg2 Bb7 6. O-O d6 7. Bg5 Be7 8. Bxe7
Ngxe7 9. Ng5 Ng6 10. f4 Qd7 11. Bh3 O-O 12. Qh5 h6 13. Nxe6 fxe6 14. Qxg6 Rae8
15. Nd2 Qf7 16. Qxf7+ Rxf7 17. Nc4 Rd7 18. Rae1 b5 19. Ne3 Rde7 20. f5 exf5 21.
Nxf5 Re6 22. Ne3 R6e7 23. Nd5 Rf7 24. Rxf7 Kxf7 25. Nc7 1-0

[Event "AUTONOMICO C. VALENCIANA"]
[Site "Cheste"]
[Date "2010.10.08"]
[Round "2"]
[White "Jordan Martinez, David"]
[Black "Garcia Fernandez, Carlos"]
[Result "0-1"]
[WhiteElo "2156"]
[BlackElo "2371"]
[PlyCount "134"]
[EventDate "2010.10.07"]
[EventRounds "7"]
[EventCountry "ESP"]

1. e4 d6 2. d4 Nf6 3. Nc3 e5 4. dxe5 dxe5 5. Qxd8+ Kxd8 6. Bg5 Be6 7. O-O-O+
Kc8 8. f4 exf4 9. Nge2 Bd6 10. Nxf4 Nbd7 11. Nxe6 fxe6 12. g3 Be5 13. Bh3 Re8
14. Bxf6 Nxf6 15. Rhf1 c6 16. Ne2 Kc7 17. Nd4 Bxd4 18. Rxd4 e5 19. Rd3 Rad8 20.
Rxd8 Rxd8 21. Re1 Rd4 22. Bg2 Kd8 23. Bf3 Ke7 24. b3 Rd8 25. Rd1 Rf8 26. Kd2 h5
27. Ke2 g6 28. b4 Rh8 29. Rg1 Ne8 30. Ke3 Nd6 31. Be2 a5 32. a3 axb4 33. axb4
Ra8 34. Bd3 b6 35. h4 Ra3 36. Rc1 c5 37. bxc5 bxc5 38. c3 Ra2 39. Rc2 Ra1 40.
Kf3 Ke6 41. Ke3 Rg1 42. Kf2 Rd1 43. Ke2 Rh1 44. Kf3 Ke7 45. Ke3 Rg1 46. Kf2 Ra1
47. Ke3 Ra8 48. Rb2 Ra3 49. Rc2 Kd7 50. Rc1 Kc6 51. Be2 c4 52. Rc2 Kc5 53. Rc1
Nb5 54. Kd2 Ra2+ 55. Rc2 Ra1 56. Bd1 Ra8 57. Ke3 Rf8 58. Be2 Ra8 59. Kd2 Ra1
60. Ke3 Rb1 61. Bf3 Rb3 62. Kd2 Na3 63. Bd1 Nxc2 64. Bxc2 Rb8 65. Ke2 Ra8 66.
Kd2 Ra1 67. Bd1 Kb5 0-1

[Event "AUTONOMICO C. VALENCIANA"]
[Site "Cheste"]
[Date "2010.10.08"]
[Round "2"]
[White "Torres Sanchez, Jose"]
[Black "Lamparero Arroyo, Miguel Angel"]
[Result "1-0"]
[WhiteElo "2314"]
[BlackElo "2091"]
[PlyCount "41"]
[EventDate "2010.10.07"]
[EventRounds "7"]
[EventCountry "ESP"]

1. d4 Nf6 2. c4 e6 3. Nf3 c5 4. Nc3 cxd4 5. Nxd4 a6 6. e4 Bb4 7. Bd3 d5 8. cxd5
exd5 9. Qa4+ Nc6 10. Nxc6 Bxc3+ 11. bxc3 bxc6 12. Ba3 Bd7 13. Bc5 Qc7 14. O-O
Ng4 15. f4 f6 16. exd5 Kf7 17. d6 Qc8 18. Rae1 Re8 19. Qb3+ Be6 20. Rxe6 Rxe6
21. Bc4 1-0

[Event "AUTONOMICO C. VALENCIANA"]
[Site "Cheste"]
[Date "2010.10.08"]
[Round "2"]
[White "Remolar Gallen, Jose"]
[Black "Sanchez Jerez, Emilio Miguel"]
[Result "0-1"]
[WhiteElo "2009"]
[BlackElo "2282"]
[PlyCount "91"]
[EventDate "2010.10.07"]
[EventRounds "7"]
[EventCountry "ESP"]

1. g3 f5 2. Bg2 Nf6 3. Nf3 g6 4. O-O Bg7 5. c4 O-O 6. Nc3 Nc6 7. d3 d6 8. Rb1
a5 9. a3 e5 10. Bg5 h6 11. Bxf6 Bxf6 12. Nd2 Bg7 13. Re1 g5 14. b4 axb4 15.
axb4 g4 16. c5 Be6 17. cxd6 Qxd6 18. Nc4 Qe7 19. b5 Nd8 20. Qc2 f4 21. Rec1 h5
22. Nd2 Bh6 23. Nce4 c6 24. Qc5 Qg7 25. Rc2 Bd5 26. Nc4 Ne6 27. Qd6 Nd4 28.
Rcb2 Rae8 29. bxc6 Bxc6 30. Nxe5 Nf5 31. Nxc6 Nxd6 32. Nxd6 bxc6 33. Nxe8 Rxe8
34. Bxc6 Rd8 35. Rb7 Qe5 36. Be4 fxg3 37. hxg3 Rf8 38. R1b6 Be3 39. fxe3 Qxg3+
40. Bg2 Qxe3+ 41. Kh1 Qc1+ 42. Kh2 Qf4+ 43. Kh1 g3 44. Bh3 Qc1+ 45. Kg2 Qf1+
46. Kxg3 0-1

[Event "AUTONOMICO C. VALENCIANA"]
[Site "Cheste"]
[Date "2010.10.08"]
[Round "2"]
[White "Alcaraz Ortega, Javier"]
[Black "Vieito Soria, Luis Maria"]
[Result "1-0"]
[WhiteElo "2229"]
[BlackElo "1967"]
[PlyCount "43"]
[EventDate "2010.10.07"]
[EventRounds "7"]
[EventCountry "ESP"]

1. Nf3 d5 2. d4 e6 3. c4 Nf6 4. g3 c6 5. Bg2 Bd6 6. O-O O-O 7. Qc2 Nbd7 8. Rd1
Qe7 9. Nbd2 e5 10. cxd5 e4 11. Nh4 e3 12. Nf5 exf2+ 13. Kf1 Qd8 14. Nxd6 Ng4
15. Nf3 Ndf6 16. Nc4 Nxd5 17. h3 f5 18. hxg4 fxg4 19. Ng5 Bf5 20. e4 h6 21.
exf5 hxg5 22. Ne5 1-0

[Event "AUTONOMICO C. VALENCIANA"]
[Site "Cheste"]
[Date "2010.10.08"]
[Round "2"]
[White "Catalan Gasque, Noelia"]
[Black "Nicolas Zapata, gines"]
[Result "1-0"]
[WhiteElo "1662"]
[BlackElo "1332"]
[PlyCount "67"]
[EventDate "2010.10.07"]
[EventRounds "7"]
[EventCountry "ESP"]

1. c4 e5 2. Nc3 Nf6 3. d4 exd4 4. Qxd4 Nc6 5. Qd1 Bb4 6. Bd2 O-O 7. Nf3 d6 8.
e3 Bf5 9. Be2 Qd7 10. a3 Ba5 11. b4 Bb6 12. Nb5 a6 13. Nbd4 Nxd4 14. exd4 Rfe8
15. O-O Bg4 16. Be3 Qe6 17. c5 dxc5 18. dxc5 Ba7 19. Re1 b6 20. Rc1 Rad8 21.
Nd4 Qd7 22. Qc2 Bxe2 23. Nxe2 Qd3 24. Qxd3 Rxd3 25. cxb6 Bxb6 26. Bxb6 cxb6 27.
Ra1 Nd5 28. Nf4 Rxe1+ 29. Rxe1 h6 30. Nxd3 Kh7 31. Kf1 Kg6 32. Rc1 Kf5 33. Ke2
g6 34. f3 1-0

[Event "AUTONOMICO C. VALENCIANA"]
[Site "Cheste"]
[Date "2010.10.08"]
[Round "3"]
[White "Garcia Fernandez, Carlos"]
[Black "Carbonell Bofill, Carlos Eloy"]
[Result "1/2-1/2"]
[WhiteElo "2371"]
[BlackElo "2250"]
[PlyCount "41"]
[EventDate "2010.10.07"]
[EventRounds "7"]
[EventCountry "ESP"]

1. e4 e6 2. d4 d5 3. e5 Ne7 4. c3 c5 5. Bd3 Nbc6 6. Ne2 cxd4 7. cxd4 Nb4 8. O-O
Bd7 9. Nbc3 Nxd3 10. Qxd3 Nc6 11. Be3 Be7 12. f4 f5 13. exf6 Bxf6 14. g4 g6 15.
b3 O-O 16. h3 Rc8 17. Rac1 Qa5 18. Qb5 Qc7 19. Qd3 Qa5 20. Qb5 Qc7 21. Qd3
1/2-1/2

[Event "AUTONOMICO C. VALENCIANA"]
[Site "Cheste"]
[Date "2010.10.08"]
[Round "3"]
[White "Sanchez, Romero Miquel Angel"]
[Black "Torres Sanchez, Jose"]
[Result "1/2-1/2"]
[WhiteElo "2236"]
[BlackElo "2314"]
[PlyCount "63"]
[EventDate "2010.10.07"]
[EventRounds "7"]
[EventCountry "ESP"]

1. e4 e5 2. Nf3 Nc6 3. Bb5 Nf6 4. O-O Nxe4 5. d4 Nd6 6. Bxc6 dxc6 7. dxe5 Nf5
8. Qxd8+ Kxd8 9. Nc3 h6 10. h3 Bd7 11. b3 a5 12. Bb2 h5 13. Rad1 Ke8 14. Ng5
Be6 15. Nce4 a4 16. Nxe6 fxe6 17. Ng5 Rh6 18. Rd3 Be7 19. Bc1 axb3 20. axb3 Ra1
21. Bd2 Ra2 22. g3 c5 23. h4 Nd4 24. Nf3 Nxf3+ 25. Rxf3 Rg6 26. Rc3 Rg4 27. Bg5
Bxg5 28. hxg5 b6 29. Kg2 Re4 30. f4 Rd4 31. g6 Rd5 32. Rh1 1/2-1/2

[Event "AUTONOMICO C. VALENCIANA"]
[Site "Cheste"]
[Date "2010.10.08"]
[Round "3"]
[White "Sanchez Jerez, Emilio Miguel"]
[Black "Alcaraz Ortega, Javier"]
[Result "1-0"]
[WhiteElo "2282"]
[BlackElo "2229"]
[PlyCount "51"]
[EventDate "2010.10.07"]
[EventRounds "7"]
[EventCountry "ESP"]

1. e4 d5 2. exd5 Qxd5 3. Nf3 Bg4 4. Be2 Nc6 5. O-O Nf6 6. h3 Bh5 7. d4 e6 8. c4
Qd7 9. Be3 Be7 10. Nc3 O-O-O 11. Ne5 Bxe2 12. Qxe2 Qe8 13. Nb5 Kb8 14. Nxc6+
bxc6 15. Nc3 Nd7 16. b4 Nb6 17. Rab1 Bf6 18. c5 Nd5 19. Rfc1 Ka8 20. Qa6 Rb8
21. b5 Nxc3 22. Rxc3 Rxb5 23. Rcb3 Qd7 24. d5 Qxd5 25. Rxb5 cxb5 26. c6 1-0

[Event "AUTONOMICO C. VALENCIANA"]
[Site "Cheste"]
[Date "2010.10.08"]
[Round "3"]
[White "Bendayan Claros, Aaron"]
[Black "Grigoriev, Ivan"]
[Result "1-0"]
[WhiteElo "2186"]
[BlackElo "2172"]
[PlyCount "55"]
[EventDate "2010.10.07"]
[EventRounds "7"]
[EventCountry "ESP"]

1. d4 Nf6 2. c4 c5 3. d5 e6 4. Nc3 exd5 5. cxd5 d6 6. e4 g6 7. f4 Qe7 8. Bb5+
Bd7 9. Bd3 Bg7 10. Nf3 O-O 11. O-O Bg4 12. Re1 Nbd7 13. h3 Bxf3 14. Qxf3 a6 15.
a4 Rac8 16. Be3 c4 17. Bc2 Nc5 18. Rad1 Nfd7 19. e5 b5 20. axb5 axb5 21. Nxb5
dxe5 22. d6 Qh4 23. Nc7 Rb8 24. Nd5 Rxb2 25. Bf2 Qd8 26. Bb1 Qa5 27. Ne7+ Kh8
28. fxe5 1-0

[Event "AUTONOMICO C. VALENCIANA"]
[Site "Cheste"]
[Date "2010.10.08"]
[Round "3"]
[White "Capella, Gimenez Jose"]
[Black "Benavent Espi, Vicente"]
[Result "1-0"]
[WhiteElo "2095"]
[BlackElo "1986"]
[PlyCount "107"]
[EventDate "2010.10.07"]
[EventRounds "7"]
[EventCountry "ESP"]

1. d4 Nf6 2. c4 e5 3. dxe5 Ng4 4. Nf3 Bc5 5. e3 Nc6 6. Be2 Ngxe5 7. O-O Nxf3+
8. Bxf3 Ne5 9. Be2 d6 10. Nc3 Qh4 11. Na4 b6 12. Nxc5 bxc5 13. b3 Bb7 14. f4
Nd7 15. Bf3 Bxf3 16. Qxf3 O-O 17. Bb2 Qe7 18. e4 f6 19. Rfe1 Rfe8 20. Rad1 Rab8
21. Rd3 Qf7 22. Rde3 Rb6 23. Qd1 Rbb8 24. Qd2 Re7 25. Qa5 Nb6 26. Qd2 Nd7 27.
Qd5 Qxd5 28. exd5 Rxe3 29. Rxe3 Kf7 30. Kf2 Re8 31. Bc3 Rxe3 32. Kxe3 Nb6 33.
g4 g6 34. Ke4 Nd7 35. h4 Nb6 36. Ba5 Na8 37. f5 Nb6 38. g5 Na8 39. Bc3 fxg5 40.
hxg5 Nb6 41. a3 Kf8 42. Ba5 Kf7 43. f6 Na8 44. b4 cxb4 45. Bxb4 Nb6 46. c5 dxc5
47. Bxc5 Nc8 48. Ke5 a6 49. a4 a5 50. Bd4 Nd6 51. Bc3 Nc4+ 52. Kd4 Nb6 53. Bxa5
h6 54. gxh6 1-0

[Event "AUTONOMICO C. VALENCIANA"]
[Site "Cheste"]
[Date "2010.10.08"]
[Round "3"]
[White "Navarro Diaz, Carles"]
[Black "Martinez Hernandez, Javier"]
[Result "1-0"]
[WhiteElo "2074"]
[BlackElo "1978"]
[PlyCount "77"]
[EventDate "2010.10.07"]
[EventRounds "7"]
[EventCountry "ESP"]

1. d4 Nf6 2. c4 c5 3. d5 e6 4. Nc3 exd5 5. cxd5 g6 6. e4 d6 7. f4 Bg7 8. Bb5+
Nfd7 9. a4 a6 10. Bd3 O-O 11. Nf3 Qe7 12. O-O c4 13. Bxc4 Nc5 14. e5 Bg4 15.
Be3 Nbd7 16. b4 Bxf3 17. Qxf3 Nxa4 18. Rxa4 b5 19. Bxb5 axb5 20. Rxa8 Rxa8 21.
Nxb5 Rb8 22. Nxd6 Bxe5 23. fxe5 Nxe5 24. Qe4 f5 25. Nxf5 gxf5 26. Rxf5 Ng6 27.
Qxe7 Nxe7 28. Re5 Kf7 29. Bc5 Ng6 30. Re4 Kf6 31. Kf2 Kf5 32. Ke3 h5 33. d6 Ne5
34. Kd4 Nd7 35. Re7 Nf6 36. Rf7 Ke6 37. Rxf6+ Kxf6 38. Kd5 Kf7 39. d7 1-0

[Event "AUTONOMICO C. VALENCIANA"]
[Site "Cheste"]
[Date "2010.10.08"]
[Round "3"]
[White "Sos Andreu, Erik"]
[Black "Jordan Martinez, David"]
[Result "1-0"]
[WhiteElo "1963"]
[BlackElo "2156"]
[PlyCount "85"]
[EventDate "2010.10.07"]
[EventRounds "7"]
[EventCountry "ESP"]

1. c4 Nf6 2. Nf3 c5 3. Nc3 b6 4. g3 Bb7 5. Bg2 e6 6. O-O Be7 7. d4 cxd4 8. Qxd4
O-O 9. e4 d6 10. Rd1 a6 11. h3 Qc7 12. b3 Nc6 13. Qe3 Rfd8 14. Bb2 Rac8 15.
Rac1 Ba8 16. Nd5 exd5 17. cxd5 Qb8 18. dxc6 Bxc6 19. Nd4 Bd7 20. Ne2 Ne8 21.
Bd4 b5 22. Nc3 Bc6 23. Nd5 Bf8 24. Qg5 Qb7 25. Bxg7 Bxg7 26. Ne7+ Kf8 27. Nxc6
Rd7 28. Nb4 Rxc1 29. Rxc1 Rc7 30. Rxc7 Qxc7 31. Nxa6 Qb6 32. Nb4 Qa5 33. Nc6
Qe1+ 34. Kh2 Bf6 35. Qh6+ Kg8 36. Qe3 Qd1 37. e5 dxe5 38. Nxe5 Nd6 39. Ng4 Bg7
40. Qg5 Qd4 41. Qd8+ Bf8 42. Nh6+ Kg7 43. Qg5+ 1-0

[Event "AUTONOMICO C. VALENCIANA"]
[Site "Cheste"]
[Date "2010.10.08"]
[Round "3"]
[White "Madero, Sergio"]
[Black "Aguilar Guillamont, Jesus"]
[Result "1-0"]
[WhiteElo "2093"]
[BlackElo "1932"]
[PlyCount "57"]
[EventDate "2010.10.07"]
[EventRounds "7"]
[EventCountry "ESP"]

1. c4 c5 2. Nc3 Nf6 3. g3 d5 4. cxd5 Nxd5 5. Bg2 e6 6. Nf3 Nc6 7. O-O Be7 8.
Nxd5 exd5 9. d4 cxd4 10. Nxd4 O-O 11. Be3 Ne5 12. b3 Ng4 13. Bc1 Bf6 14. Bb2
Be6 15. e3 Ne5 16. h3 Nc6 17. Qd2 Qb6 18. Nxc6 Bxb2 19. Ne7+ Kh8 20. Qxb2 Qc5
21. Nxd5 Bxd5 22. Qe5 Rad8 23. Rad1 f6 24. Rxd5 Qa3 25. Qh5 g6 26. Qh6 Qe7 27.
Rfd1 Rxd5 28. Rxd5 Rc8 29. Kh2 1-0

[Event "AUTONOMICO C. VALENCIANA"]
[Site "Cheste"]
[Date "2010.10.08"]
[Round "3"]
[White "Lamparero Arroyo, Miguel Angel"]
[Black "Nicolas Zapata, Javier"]
[Result "1-0"]
[WhiteElo "2091"]
[BlackElo "1924"]
[PlyCount "107"]
[EventDate "2010.10.07"]
[EventRounds "7"]
[EventCountry "ESP"]

1. e4 c5 2. Nf3 e6 3. d3 Nc6 4. g3 g6 5. Bg2 Bg7 6. O-O Nge7 7. c3 e5 8. Be3 d6
9. Qc1 O-O 10. Bh6 d5 11. Bxg7 Kxg7 12. exd5 Qxd5 13. Re1 Qd6 14. Na3 f6 15.
Qe3 Nf5 16. Qe2 Rd8 17. Rad1 Be6 18. Nb5 Qe7 19. d4 a6 20. Na3 cxd4 21. cxd4
Ncxd4 22. Nxd4 Rxd4 23. Nc2 Rxd1 24. Rxd1 Bxa2 25. Ne3 Nxe3 26. Qxe3 Rc8 27.
Qb6 Rc7 28. b3 Rd7 29. Ra1 Qa3 30. Bxb7 Qxb3 31. Qxa6 Bb1 32. Bg2 Rd1+ 33. Bf1
Bd3 34. Qa7+ Kh6 35. Qe3+ g5 36. Rxd1 Qxd1 37. Qxd3 Qg4 38. Qd6 Kg6 39. h3 Qf3
40. Qd3+ Qxd3 41. Bxd3+ f5 42. f3 Kf6 43. g4 fxg4 44. fxg4 h5 45. Kf2 Ke6 46.
Be4 Kd6 47. Ke3 h4 48. Ba8 Ke7 49. Ke4 Ke6 50. Bd5+ Kf6 51. Bc4 Kg6 52. Kxe5
Kg7 53. Kf5 Kh6 54. Bb5 1-0

[Event "AUTONOMICO C. VALENCIANA"]
[Site "Cheste"]
[Date "2010.10.08"]
[Round "3"]
[White "Moreno Simo, Javier"]
[Black "Lopez Diaz, Rafael"]
[Result "1-0"]
[WhiteElo "2079"]
[BlackElo "1781"]
[PlyCount "85"]
[EventDate "2010.10.07"]
[EventRounds "7"]
[EventCountry "ESP"]

1. e4 e5 2. Nf3 Nc6 3. d4 exd4 4. Nxd4 Bc5 5. Be3 Qf6 6. c3 Nge7 7. g3 d6 8.
Bg2 Ne5 9. O-O Bg4 10. f3 Be6 11. Kh1 Nc4 12. Bc1 O-O 13. f4 Rad8 14. Qd3 Nb6
15. Nd2 Bxd4 16. cxd4 Bc8 17. d5 c6 18. dxc6 bxc6 19. Rb1 d5 20. e5 Qh6 21. Qf3
Nf5 22. Nb3 a5 23. Be3 Nc4 24. Bc5 Rfe8 25. Rfd1 f6 26. exf6 gxf6 27. Nd4 Nxd4
28. Bxd4 Bf5 29. Rbc1 Be4 30. Qg4+ Kf7 31. b3 Rg8 32. Qe2 Nd6 33. Rxc6 Nf5 34.
Rxf6+ Qxf6 35. Bxf6 Kxf6 36. Bxe4 dxe4 37. Rxd8 Rxd8 38. Qxe4 Rd1+ 39. Kg2 Rd2+
40. Kf3 Rxa2 41. Qe5+ Kg6 42. Qe6+ Kg7 43. Qxf5 1-0

[Event "AUTONOMICO C. VALENCIANA"]
[Site "Cheste"]
[Date "2010.10.09"]
[Round "4"]
[White "Bendayan Claros, Aaron"]
[Black "Sanchez Jerez, Emilio Miguel"]
[Result "0-1"]
[WhiteElo "2186"]
[BlackElo "2282"]
[PlyCount "98"]
[EventDate "2010.10.07"]
[EventRounds "7"]
[EventCountry "ESP"]

1. d4 Nf6 2. c4 a6 3. g3 c5 4. d5 b5 5. Bg2 d6 6. e4 Nbd7 7. f4 g6 8. Qe2 Nb6
9. e5 Ng4 10. cxb5 Bg7 11. e6 Nh6 12. exf7+ Nxf7 13. Nc3 O-O 14. Bd2 axb5 15.
Qxb5 Ba6 16. Qb3 Bc4 17. Qc2 e6 18. dxe6 Re8 19. O-O-O Rxe6 20. b3 Ba6 21. Bxa8
Qxa8 22. Nh3 d5 23. Rhe1 Rc6 24. Re7 d4 25. Rde1 Nd6 26. Ne4 Nbc8 27. Nxd6 Nxd6
28. Ng5 c4 29. Rxg7+ Kxg7 30. Ne6+ Kg8 31. Nxd4 Rc8 32. b4 Bb7 33. Bc3 Be4 34.
Qb2 Bd3 35. f5 gxf5 36. Qd2 Ne4 37. Rxe4 Qxe4 38. Qg5+ Kf7 39. Qh5+ Kf8 40.
Qh6+ Ke8 41. Qh5+ Kd8 42. Qg5+ Kd7 43. Qd2 Re8 44. Kb2 Qh1 45. Qc1 Qxh2+ 46.
Bd2 Re4 47. Nb5 Re2 48. Kc3 Qxg3 49. Bf4 Qg7+ 0-1

[Event "AUTONOMICO C. VALENCIANA"]
[Site "Cheste"]
[Date "2010.10.09"]
[Round "4"]
[White "Sanchez, Romero Miquel Angel"]
[Black "Garcia Fernandez, Carlos"]
[Result "1/2-1/2"]
[WhiteElo "2236"]
[BlackElo "2371"]
[PlyCount "27"]
[EventDate "2010.10.07"]
[EventRounds "7"]
[EventCountry "ESP"]

1. e4 d6 2. d4 Nf6 3. Nc3 Nbd7 4. Nf3 e5 5. Bc4 Be7 6. O-O O-O 7. Re1 c6 8. a4
b6 9. h3 a6 10. Ba2 Rb8 11. Be3 b5 12. axb5 axb5 13. b4 Qc7 14. Rb1 1/2-1/2

[Event "AUTONOMICO C. VALENCIANA"]
[Site "Cheste"]
[Date "2010.10.09"]
[Round "4"]
[White "Torres Sanchez, Jose"]
[Black "Capella, Gimenez Jose"]
[Result "1/2-1/2"]
[WhiteElo "2314"]
[BlackElo "2095"]
[PlyCount "92"]
[EventDate "2010.10.07"]
[EventRounds "7"]
[EventCountry "ESP"]

1. e4 c6 2. d4 d5 3. f3 g6 4. Nc3 Bg7 5. Be3 dxe4 6. fxe4 e5 7. d5 Nf6 8. Nf3
O-O 9. dxc6 Qxd1+ 10. Rxd1 Nxc6 11. h3 Nh5 12. Bc4 Nf4 13. O-O Be6 14. Bxe6
Nxe6 15. Rd7 b6 16. Nd5 Rfd8 17. Ne7+ Nxe7 18. Rxe7 Bf6 19. Rb7 Rdb8 20. Rd7
Rd8 21. Rxd8+ Rxd8 22. Nd2 Be7 23. Nc4 f6 24. c3 Rc8 25. Nd2 Kg7 26. Kf2 f5 27.
Ke2 f4 28. Bf2 g5 29. a4 Bc5 30. Be1 Be3 31. Nf3 Kf6 32. b4 a5 33. Bd2 Bxd2 34.
Kxd2 axb4 35. cxb4 Rc4 36. Rb1 Rxe4 37. Kd3 Re3+ 38. Kc4 e4 39. Nd4 Nxd4 40.
Kxd4 Kf5 41. g4+ Ke6 42. a5 bxa5 43. bxa5 Ra3 44. Rb6+ Kd7 45. Kxe4 Rxa5 46.
Rh6 Ra4+ 1/2-1/2

[Event "AUTONOMICO C. VALENCIANA"]
[Site "Cheste"]
[Date "2010.10.09"]
[Round "4"]
[White "Carbonell Bofill, Carlos Eloy"]
[Black "Sos Andreu, Erik"]
[Result "1/2-1/2"]
[WhiteElo "2250"]
[BlackElo "1963"]
[PlyCount "36"]
[EventDate "2010.10.07"]
[EventRounds "7"]
[EventCountry "ESP"]

1. Nf3 Nf6 2. c4 g6 3. Nc3 Bg7 4. g3 O-O 5. Bg2 c5 6. a3 Nc6 7. Rb1 d5 8. cxd5
Nxd5 9. Qb3 Nb6 10. d3 Nd4 11. Nxd4 cxd4 12. Ne4 Be6 13. Qb4 Bd5 14. O-O a5 15.
Qb5 Bc6 16. Qb3 Bd5 17. Qb5 Bc6 18. Qb3 Bd5 1/2-1/2

[Event "AUTONOMICO C. VALENCIANA"]
[Site "Cheste"]
[Date "2010.10.09"]
[Round "4"]
[White "Navarrete Espi, Samuel"]
[Black "Madero, Sergio"]
[Result "1/2-1/2"]
[WhiteElo "2024"]
[BlackElo "2093"]
[PlyCount "59"]
[EventDate "2010.10.07"]
[EventRounds "7"]
[EventCountry "ESP"]

1. e4 c6 2. d4 d5 3. Nc3 dxe4 4. Nxe4 Nd7 5. Ng5 Ngf6 6. Bd3 e6 7. Qe2 Bd6 8.
N1f3 h6 9. Ne4 Nxe4 10. Qxe4 Nf6 11. Qe2 b6 12. Bd2 Bb7 13. O-O-O Qc7 14. Kb1
O-O-O 15. c4 c5 16. Rc1 Kb8 17. dxc5 Bxc5 18. Ka1 a5 19. Rhd1 Ng4 20. Be3 Bxf3
21. Qxf3 Bxe3 22. fxe3 Ne5 23. Qe2 Nxd3 24. Rxd3 Rxd3 25. Qxd3 Rd8 26. Qc3 f6
27. Qb3 Qc5 28. Qc3 Qe5 29. Qb3 Qc5 30. Qc3 1/2-1/2

[Event "AUTONOMICO C. VALENCIANA"]
[Site "Cheste"]
[Date "2010.10.10"]
[Round "5"]
[White "Sanchez Jerez, Emilio Miguel"]
[Black "Torres Sanchez, Jose"]
[Result "1/2-1/2"]
[WhiteElo "2282"]
[BlackElo "2314"]
[PlyCount "106"]
[EventDate "2010.10.07"]
[EventRounds "7"]
[EventCountry "ESP"]

1. e4 c5 2. Nc3 d6 3. Nge2 Nf6 4. d4 cxd4 5. Nxd4 a6 6. Bg5 e6 7. f4 b5 8. a3
Bb7 9. Qe2 Be7 10. O-O-O O-O 11. g4 Nbd7 12. Bg2 Qc7 13. Rhg1 Nb6 14. h4 Rfe8
15. h5 Rad8 16. Kb1 Qc4 17. Rd3 b4 18. axb4 Qxb4 19. h6 Nc4 20. Nd1 g6 21. Qe1
Qxe1 22. Rxe1 Nxg4 23. Rc3 Rc8 24. Bxe7 Rxe7 25. Rg3 Nf6 26. e5 Nh5 27. Bxb7
Rxb7 28. Rc3 Nxf4 29. exd6 Nd5 30. Rd3 Nxd6 31. Nxe6 fxe6 32. Rxe6 Nf4 33.
Rdxd6 Nxe6 34. Rxe6 Rbc7 35. Ne3 Rc6 36. Re7 R8c7 37. Nd5 Rc8 38. Ra7 Kh8 39.
Ne7 Rxc2 40. Nxc8 Rxc8 41. Rxa6 Rg8 42. Ra3 g5 43. Rg3 Rg6 44. Kc2 Kg8 45. Kd3
Kf7 46. Ke4 Kf6 47. Rf3+ Ke6 48. Ra3 Kf7 49. Ra7+ Kg8 50. Ra8+ Kf7 51. Ra7+ Kg8
52. Ra8+ Kf7 53. Ra7+ Kg8 1/2-1/2

[Event "AUTONOMICO C. VALENCIANA"]
[Site "Cheste"]
[Date "2010.10.10"]
[Round "5"]
[White "Garcia Fernandez, Carlos"]
[Black "Bendayan Claros, Aaron"]
[Result "1-0"]
[WhiteElo "2371"]
[BlackElo "2186"]
[PlyCount "119"]
[EventDate "2010.10.07"]
[EventRounds "7"]
[EventCountry "ESP"]

1. e4 c5 2. c3 g6 3. d4 cxd4 4. cxd4 d5 5. e5 Bg7 6. Nc3 Nc6 7. Bb5 Nh6 8. Nge2
O-O 9. O-O e6 10. Re1 Bd7 11. Bf4 Nf5 12. Qd2 Rc8 13. Bxc6 Bxc6 14. Ng3 Nxg3
15. hxg3 b5 16. Bh6 b4 17. Nd1 Bxh6 18. Qxh6 f5 19. exf6 Qxf6 20. Qd2 Bd7 21.
Re5 a5 22. Ne3 Qg7 23. f3 Rc6 24. Re1 Bc8 25. Rc1 Rxc1+ 26. Qxc1 Qa7 27. Qd2
Bd7 28. Ng4 Qc7 29. Kh2 Qd8 30. Re1 Qe7 31. Rc1 Rc8 32. Rxc8+ Bxc8 33. Qc1 Bb7
34. Qf4 h5 35. Ne5 Kg7 36. Qc1 Kh7 37. Qc2 Qg7 38. f4 Kh6 39. Qc1 Kh7 40. Qc5
g5 41. fxg5 Qxg5 42. Qc7+ Qg7 43. Qd8 Qh6 44. a3 bxa3 45. bxa3 a4 46. g4 Ba6
47. g5 Qg7 48. g6+ Kh6 49. g4 Qb7 50. Qh8+ Kg5 51. Qxh5+ Kf4 52. Qh6+ Ke4 53.
Qd2 Qe7 54. Qe1+ Kf4 55. Qc1+ Ke4 56. Qe1+ Kf4 57. Qf2+ Kg5 58. Qe3+ Kf6 59.
Qh6 Qc7 60. Qh4+ 1-0